Exercicios de rima: o voto d'el-rei (Record no. 153372)

MARC details
000 -LEADER
campo de control de longitud fija 00678nam a22001695i 4500
001 - NÚMERO DE CONTROL
campo de control 153372
003 - IDENTIFICADOR DE NÚMERO DE CONTROL
campo de control ES-MaACL
005 - FECHA Y HORA DE LA ÚLTIMA TRANSACCIÓN
campo de control 20230906205210.0
008 - DATOS DE LONGITUD FIJA--INFORMACIÓN GENERAL
campo de control de longitud fija 041026s1872 po |||| | por d
040 ## - FUENTE DE CATALOGACIÓN
Centro catalogador/agencia de origen CAM
Lengua de catalogación spa
Centro/agencia transcriptor CAM
100 1# - ENTRADA PRINCIPAL--NOMBRE DE PERSONA
Nombre de persona Cunha, Antonio Pereira da.
9 (RLIN) 126670
245 10 - MENCIÓN DEL TÍTULO
Título Exercicios de rima: o voto d'el-rei
Resto del título : Pereira da Cunha.
260 ## - PUBLICACIÓN, DISTRIBUCIÓN, ETC.
Lugar de publicación, distribución, etc. Lisboa :
Nombre del editor, distribuidor, etc. [s.n.],
Fecha de publicación, distribución, etc. 1872 (
Fabricante Typographia Universal de Thomaz Quintino Antunes)
300 ## - DESCRIPCIÓN FÍSICA
Extensión 30 p. ;
Dimensiones 25 cm.
597 ## - NOTA DE DESCRIPCIÓN FÍSICA
NOTA DE DESCRIPCIÓN FÍSICA Port. y texto fileteados.
852 ## - LOCALIZACIÓN
Ubicación ES-MaACL
Número de control de estantería T-246-F-3
Nota libre -- Enc. hol.
-- -- Dedicatoria ms. del autor a la Biblioteca del Ateneo Cientifico y Literario de Madrid
-- -- Enc. en un vol. facticio
Holdings
Estatus retirado Estado de pérdida Estado de daño No para préstamo Colección Biblioteca de origen Biblioteca actual Ubicación en estantería Fecha de adquisición Total de préstamos Signatura topográfica completa Código de barras Visto por última vez Precio de reemplazo Tipo de ítem Koha
        Colección de folletos Biblioteca del Ateneo de Madrid Biblioteca del Ateneo de Madrid Depósito folletos 17/01/2008   T-246-F-3 1160286 23/02/2023 23/02/2023 Folleto